000 00718nam a2200253Ia 4500
003 OSt
005 20220918223352.0
006 a|||||r|||| 00| 0
007 ta
008 220917b |||||||| |||| 00| 0 eng d
024 _a222,124
037 _cTextual
040 _aARTS
_cARTS
_beng
041 _2eng
_aeng
082 _aX.1, P3
100 _aLaursen Finn Ed.
_9145595
245 0 _aComparative regional integration
_b Theoretical perspectives
260 _aAldershot
_bAshgate
_c2003
300 _axix, 300p
_ccm.
490 _athe international political economy of new regionalisms
650 _aECONOMICS
942 _hX.1, P3
_cTEXL
_2CC
999 _c278270
_d278270